[Event "DEN-ch sf3"]
[Site "Svendborg"]
[Date "2024.03.29"]
[Round "4"]
[White "Christensen, Michael Leon"]
[Black "Jacobsen, Hans Endrup"]
[Result "0-1"]
[WhiteElo "1834"]
[BlackElo "1959"]
[PlyCount "58"]
[EventDate "2024.03.29"]
[EventType "swiss"]
[EventRounds "5"]
[EventCountry "DEN"]
[SourceTitle "CB16_2024"]
[SourceDate "2024.04.17"]
[SourceVersion "1"]
[SourceVersionDate "2024.04.17"]
[SourceQuality "1"]

1. d4 Nf6 2. c4 e6 3. Nc3 d5 4. g3 c6 5. Bg2 Bd6 6. Nf3 Nbd7 7. cxd5 exd5 8. 0-0 0-0 9. Qc2 Re8 10. Bd2 Nf8 11. Rae1 Bc7 12. e4 dxe4 13. Nxe4 Bf5 14. Nxf6+ Qxf6 15. Rxe8 Rxe8 16. Qc5 Bb6 17. Qc4 Be6 18. Qa4 Bd5 19. Ne5 Bxg2 20. Kxg2 Qd6 21. Bc3 Qd5+ 22. Kg1 Ne6 23. Nd3 Ng5 24. Nf4 Nf3+ 25. Kg2 Qe4 26. Kh3 Ng5+ 27. Kg4 h5+ 28. Kxh5 Qf5 29. Qb4 Nf3# 0-1

[Event "DEN-ch G5-1 Gr1"]
[Site "Svendborg"]
[Date "2023.04.05"]
[Round "3"]
[White "Skytte, Robert"]
[Black "Jacobsen, Hans Endrup"]
[Result "0-1"]
[WhiteElo "1691"]
[BlackElo "1892"]
[PlyCount "44"]
[EventDate "2023.04.05"]
[EventType "swiss"]
[EventRounds "5"]
[EventCountry "DEN"]
[SourceTitle "CBM 213 Extra"]
[Source "ChessBase"]
[SourceDate "2023.05.31"]
[SourceVersion "1"]
[SourceVersionDate "2023.05.31"]
[SourceQuality "1"]

1. e4 c5 2. Nf3 d6 3. d4 cxd4 4. Nxd4 Nf6 5. Nc3 a6 6. Be3 e5 7. Nb3 Be6 8. f3 Be7 9. Qd2 0-0 10. g4 b5 11. 0-0-0 Nbd7 12. g5 b4 13. Nd5 Nxd5 14. exd5 Bf5 15. Qg2 a5 16. h4 a4 17. Nd2 Qc7 18. Ne4 a3 19. h5 axb2+ 20. Kb1 Bxe4 21. fxe4 Rxa2 22. Bd2 Qa5 0-1

[Event "Arco op 44th"]
[Site "Arco"]
[Date "2022.10.09"]
[Round "2"]
[White "Jacobsen, Hans Endrup"]
[Black "Schmider, Bernd"]
[Result "0-1"]
[WhiteElo "1883"]
[BlackElo "2142"]
[PlyCount "116"]
[EventDate "2022.10.08"]
[EventType "swiss"]
[EventRounds "9"]
[EventCountry "ITA"]
[SourceTitle "CBM 210 Extra"]
[Source "ChessBase"]
[SourceDate "2022.11.30"]
[SourceVersion "1"]
[SourceVersionDate "2022.11.30"]
[SourceQuality "1"]

1. d4 Nf6 2. c4 c5 3. Nf3 g6 4. Nc3 cxd4 5. Nxd4 Bg7 6. e4 d6 7. Be2 Nc6 8. Be3 Nxd4 9. Bxd4 0-0 10. 0-0 Be6 11. Rc1 Nd7 12. Be3 Qa5 13. Qd2 Rfc8 14. b3 Nc5 15. f3 a6 16. Rfd1 Rab8 17. Nd5 Qd8 18. Rc2 Bxd5 19. Qxd5 Qc7 20. Bf1 Qc6 21. Qd2 Ne6 22. g3 b5 23. Rdc1 b4 24. Bh3 Rc7 25. Bxe6 fxe6 26. Bd4 Bxd4+ 27. Qxd4 Qc5 28. Qxc5 Rxc5 29. Rd1 a5 30. Kf2 Ra8 31. Ke3 Kf7 32. Kd3 Ke8 33. Ra1 a4 34. bxa4 Rxa4 35. Rb1 Rca5 36. Rbb2 Kd7 37. f4 Kc6 38. Rb3 Kc5 39. Rcb2 Rxa2 40. Rxb4 Rxb2 41. Rxb2 Ra3+ 42. Ke2 Kxc4 43. Rb7 d5 44. exd5 exd5 45. Rxe7 Ra2+ 46. Kf3 Rxh2 47. Ra7 d4 48. Rc7+ Kd3 49. Ra7 Kc3 50. Ra3+ Kb4 51. Ra7 d3 52. Ke3 d2 53. Rd7 Kc3 54. g4 Kc2 55. Rc7+ Kd1 56. Kd3 Rh3+ 57. Kd4 Ke1 58. Re7+ Kf2 0-1

[Event "Hillerod CC-ch Mester"]
[Site "Hillerod"]
[Date "2020.01.21"]
[Round "3"]
[White "Sorensen, Kim Wammen"]
[Black "Jacobsen, Hans Endrup"]
[Result "1/2-1/2"]
[WhiteElo "1988"]
[BlackElo "1928"]
[PlyCount "25"]
[EventDate "2019.12.10"]
[EventType "tourn"]
[EventRounds "7"]
[EventCountry "DEN"]
[SourceTitle "EXT 2021"]
[Source "ChessBase"]
[SourceDate "2020.10.23"]
[SourceVersion "1"]
[SourceVersionDate "2020.10.23"]
[SourceQuality "1"]

1. d4 d5 2. Nf3 e6 3. Bf4 c5 4. e3 Nf6 5. Nbd2 Nc6 6. c3 Be7 7. Bd3 0-0 8. 0-0 b6 9. Ne5 Bb7 10. Ndf3 Nxe5 11. Nxe5 Rc8 12. Qb1 h6 13. h3 1/2-1/2

[Event "Hillerod-chB"]
[Site "Hillerod"]
[Date "2019.04.30"]
[Round "2"]
[White "Jacobsen, Hans Endrup"]
[Black "Steenstrup, Svend"]
[Result "1-0"]
[WhiteElo "1905"]
[BlackElo "1964"]
[PlyCount "73"]
[EventDate "2019.04.23"]
[EventType "tourn"]
[EventRounds "7"]
[EventCountry "DEN"]
[SourceTitle "EXT 2020"]
[Source "ChessBase"]
[SourceDate "2019.10.17"]
[SourceVersion "1"]
[SourceVersionDate "2019.10.17"]
[SourceQuality "1"]

1. d4 Nf6 2. c4 c5 3. Nf3 cxd4 4. Nxd4 e5 5. Nc2 Bc5 6. Nc3 Nc6 7. Be3 Qb6 8. Bxc5 Qxc5 9. e3 d6 10. Be2 Be6 11. b3 d5 12. Nxd5 Nxd5 13. cxd5 Bxd5 14. 0-0 Rd8 15. Qc1 0-0 16. Na3 Qb4 17. Rd1 Be6 18. Qb2 a5 19. Nc4 a4 20. bxa4 Qxb2 21. Nxb2 Rxd1+ 22. Bxd1 f5 23. Bb3 Kf7 24. Rd1 Rc8 25. Nc4 Bxc4 26. Bxc4+ Ke7 27. Bb5 Nb4 28. g3 Rc7 29. Rd2 Ke6 30. Kg2 g5 31. a5 Nd5 32. Ba4 Rc5 33. Bb3 Rxa5 34. g4 Kd6 35. gxf5 e4 36. f6 Ke6 37. Rxd5 1-0

[Event "DEN-ch G5-1"]
[Site "Svendborg"]
[Date "2018.03.27"]
[Round "4"]
[White "Jacobsen, Hans Endrup"]
[Black "Damsbo, Villy"]
[Result "1/2-1/2"]
[WhiteElo "1981"]
[BlackElo "1855"]
[PlyCount "64"]
[EventDate "2018.03.24"]
[EventType "swiss"]
[EventRounds "5"]
[EventCountry "DEN"]
[SourceTitle "EXT 2019"]
[Source "ChessBase"]
[SourceDate "2018.10.10"]
[SourceVersion "1"]
[SourceVersionDate "2018.10.10"]
[SourceQuality "1"]

1. d4 d5 2. c4 c6 3. Nc3 e6 4. Nf3 Nf6 5. e3 Nbd7 6. Bd3 Be7 7. 0-0 0-0 8. b3 b6 9. Bb2 Bb7 10. Qe2 Re8 11. Nd2 dxc4 12. bxc4 e5 13. Nb3 exd4 14. Nxd4 c5 15. Nf5 Bf8 16. Nb5 Re6 17. Rfd1 a6 18. Nc3 g6 19. Ng3 Bg7 20. Rac1 Qc7 21. Bb1 Rd6 22. Rxd6 Qxd6 23. Rd1 Qe6 24. e4 Re8 25. Nd5 Nxd5 26. cxd5 Qd6 27. Bxg7 Kxg7 28. Qb2+ Kg8 29. Ne2 c4 30. Nd4 Nc5 31. f3 Na4 32. Qc1 b5 1/2-1/2

[Event "DEN-ch G5-1"]
[Site "Svendborg"]
[Date "2018.03.24"]
[Round "1"]
[White "Syndergaard, Stig"]
[Black "Jacobsen, Hans Endrup"]
[Result "1-0"]
[WhiteElo "1864"]
[BlackElo "1981"]
[PlyCount "129"]
[EventDate "2018.03.24"]
[EventType "swiss"]
[EventRounds "5"]
[EventCountry "DEN"]
[SourceTitle "EXT 2019"]
[Source "ChessBase"]
[SourceDate "2018.10.10"]
[SourceVersion "1"]
[SourceVersionDate "2018.10.10"]
[SourceQuality "1"]

1. Nf3 d5 2. c4 c6 3. b3 Nf6 4. g3 Bf5 5. Bg2 Nbd7 6. Bb2 e6 7. 0-0 Bd6 8. d3 0-0 9. Nbd2 e5 10. e4 Bg4 11. cxd5 cxd5 12. exd5 Nb6 13. Nc4 Re8 14. Re1 Qb8 15. Nxd6 Qxd6 16. Rxe5 Nbxd5 17. Rxe8+ Rxe8 18. Qd2 h6 19. Nd4 a6 20. Re1 Rxe1+ 21. Qxe1 Nb4 22. Ba3 a5 23. Bxb4 axb4 24. Nc2 Qxd3 25. Nxb4 Qd7 26. Nc2 b6 27. Ne3 Be6 28. Qd1 Qc7 29. Qc2 Qe5 30. Qd1 b5 31. Nc2 Nd5 32. Qd4 Qxd4 33. Nxd4 Nc3 34. a3 Bd7 35. Bf1 Kf8 36. Bd3 Ke7 37. Kf1 g6 38. Ke1 Kd6 39. Kd2 b4 40. axb4 Nd5 41. Bc4 f6 42. Bxd5 Kxd5 43. Kd3 h5 44. b5 Bc8 45. b4 Bb7 46. Nc6 Kd6 47. Na5 Bg2 48. b6 g5 49. b7 Kc7 50. Kd4 h4 51. gxh4 gxh4 52. b5 h3 53. Kc5 Bf3 54. b6+ Kb8 55. Kd6 f5 56. Ke5 Be4 57. Nc4 Kxb7 58. Nd6+ Kxb6 59. Nxe4 fxe4 60. Kxe4 Kc6 61. Ke5 Kd7 62. Kf6 Ke8 63. f4 Kf8 64. f5 Kg8 65. Ke7 1-0

[Event "Hillerod CC-chA"]
[Site "Hillerod"]
[Date "2018.02.20"]
[Round "4"]
[White "Jacobsen, Hans Endrup"]
[Black "Pedersen, Carsten2222"]
[Result "1/2-1/2"]
[WhiteElo "1999"]
[BlackElo "1913"]
[PlyCount "104"]
[EventDate "2018.01.02"]
[EventType "tourn"]
[EventRounds "7"]
[EventCountry "DEN"]
[SourceTitle "EXT 2020"]
[Source "ChessBase"]
[SourceDate "2019.10.17"]
[SourceVersion "1"]
[SourceVersionDate "2019.10.17"]
[SourceQuality "1"]

1. d4 d5 2. Nf3 c5 3. g3 Nc6 4. Bg2 cxd4 5. Nxd4 e5 6. Nxc6 bxc6 7. c4 e4 8. 0-0 Nf6 9. Nc3 Be7 10. Bg5 Be6 11. Qa4 Qd7 12. Rfd1 0-0 13. cxd5 Nxd5 14. Bxe7 Qxe7 15. Nxe4 Rab8 16. Rd2 Bd7 17. a3 Qe5 18. Nc5 Be6 19. Nd3 Qf6 20. Rc1 Nb6 21. Qxa7 Nc4 22. Rdc2 Nxb2 23. Nxb2 Rxb2 24. Qc5 Rxc2 25. Qxc2 Rc8 26. Qc3 Qg5 27. Ra1 Qb5 28. e3 h6 29. a4 Qe2 30. a5 Rd8 31. Qe1 Qa6 32. Bf1 Qa7 33. a6 c5 34. Qa5 Rd6 35. Qa4 Bd7 36. Qc4 Be6 37. Qb5 Bd5 38. Bg2 Bxg2 39. Kxg2 Rb6 40. Qc4 Qa8+ 41. e4 Re6 42. f3 Qa7 43. Ra5 Rc6 44. f4 Rb6 45. Ra2 Rb4 46. Qd5 c4 47. Qd8+ Kh7 48. Qd5 c3 49. Qf5+ g6 50. Qd5 Rb2+ 51. Rxb2 cxb2 52. Qb3 Kg8 1/2-1/2

[Event "Hillerod CC-chA"]
[Site "Hillerod"]
[Date "2018.02.06"]
[Round "3"]
[White "Steenstrup, Svend"]
[Black "Jacobsen, Hans Endrup"]
[Result "1/2-1/2"]
[WhiteElo "1956"]
[BlackElo "1999"]
[PlyCount "89"]
[EventDate "2018.01.02"]
[EventType "tourn"]
[EventRounds "7"]
[EventCountry "DEN"]
[SourceTitle "EXT 2020"]
[Source "ChessBase"]
[SourceDate "2019.10.17"]
[SourceVersion "1"]
[SourceVersionDate "2019.10.17"]
[SourceQuality "1"]

1. d4 Nf6 2. c4 g6 3. Nc3 d5 4. Nf3 Bg7 5. h4 c6 6. Bg5 dxc4 7. e4 b5 8. e5 Nd5 9. h5 Bf5 10. Nh4 Qd7 11. Be2 f6 12. h6 Bf8 13. Bd2 Nxc3 14. Bxc3 Be4 15. d5 Bxh6 16. exf6 exf6 17. Bxf6 Bg7 18. Qd4 Bxf6 19. Qxe4+ Qe7 20. Bf3 Qxe4+ 21. Bxe4 Nd7 22. 0-0-0 Nc5 23. Rde1 0-0-0 24. dxc6 Rhe8 25. f3 Nxe4 26. fxe4 Bxh4 27. Rxh4 h5 28. g4 hxg4 29. Rxg4 Rd6 30. a4 bxa4 31. Kc2 Rxc6 32. e5 Kd7 33. Rd1+ Kc7 34. Rd5 Kb6 35. Kc3 a5 36. Kd4 a3 37. bxa3 c3 38. Rg1 c2 39. Rc1 Rec8 40. Rd6 Kb5 41. Rxc6 Rxc6 42. Kd5 Rc5+ 43. Kd6 Rc3 44. e6 Rd3+ 45. Kc7 1/2-1/2

[Event "Hillerod CC-chA"]
[Site "Hillerod"]
[Date "2018.01.09"]
[Round "2"]
[White "Jacobsen, Hans Endrup"]
[Black "Ramkilde, Mikael"]
[Result "1/2-1/2"]
[WhiteElo "1999"]
[BlackElo "1901"]
[PlyCount "128"]
[EventDate "2018.01.02"]
[EventType "tourn"]
[EventRounds "7"]
[EventCountry "DEN"]
[SourceTitle "EXT 2020"]
[Source "ChessBase"]
[SourceDate "2019.10.17"]
[SourceVersion "1"]
[SourceVersionDate "2019.10.17"]
[SourceQuality "1"]

1. d4 Nf6 2. Nf3 e6 3. g3 b5 4. Bg2 Bb7 5. 0-0 c5 6. a4 b4 7. c3 a5 8. cxb4 cxb4 9. Bf4 Be7 10. Nbd2 0-0 11. Rc1 Nd5 12. Bxb8 Rxb8 13. e4 Nb6 14. b3 f5 15. Ne5 f4 16. Qh5 Bg5 17. h4 Bh6 18. g4 f3 19. g5 fxg2 20. Kxg2 Bxg5 21. hxg5 Qe8 22. g6 h6 23. Nf7 Qe7 24. Qe5 d6 25. Qxd6 Qxd6 26. Nxd6 Rf6 27. Nxb7 Rxg6+ 28. Kf3 Rxb7 29. Rc5 Rf6+ 30. Ke3 g5 31. Rfc1 Rbf7 32. f3 Rg6 33. Rxa5 g4 34. Rb5 e5 35. dxe5 g3 36. a5 Nd7 37. f4 g2 38. Nf3 Rfg7 39. Kf2 Rg4 40. e6 Nf6 41. Re5 Rxf4 42. e7 g1Q+ 43. Rxg1 Rxf3+ 44. Kxf3 Rxg1 45. e8Q+ Nxe8 46. Rxe8+ Kf7 47. Rb8 Ra1 48. Rxb4 Rxa5 49. Rb6 h5 50. Kf4 h4 51. Kg4 Re5 52. Rb4 h3 53. Kxh3 Rg5 54. Rc4 Rg1 55. b4 Ke6 56. b5 Rb1 57. Rc5 Rb4 58. Kg3 Rxe4 59. Kf3 Rb4 60. Ke3 Kd6 61. Rh5 Kc7 62. Kd3 Kb6 63. Kc3 Rxb5 64. Rxb5+ Kxb5 1/2-1/2

[Event "Hillerod Skjold Burne op"]
[Site "Hillerod"]
[Date "2017.10.31"]
[Round "3"]
[White "Lavrsen, Frands Winther"]
[Black "Jacobsen, Hans Endrup"]
[Result "0-1"]
[WhiteElo "1756"]
[BlackElo "1981"]
[PlyCount "146"]
[EventDate "2017.10.03"]
[EventType "swiss"]
[EventRounds "4"]
[EventCountry "DEN"]
[SourceTitle "EXT 2024"]
[Source "ChessBase"]
[SourceDate "2023.10.10"]
[SourceVersion "1"]
[SourceVersionDate "2023.10.10"]
[SourceQuality "1"]

1. f4 d5 2. Nf3 Nf6 3. g3 c5 4. Bg2 Nc6 5. 0-0 e6 6. d3 Be7 7. Ne5 Qc7 8. Nxc6 Qxc6 9. e4 0-0 10. e5 Ne8 11. Nd2 Qb6 12. c4 d4 13. g4 Bd7 14. Ne4 f6 15. exf6 Nxf6 16. g5 Nxe4 17. Bxe4 g6 18. h4 Bc6 19. Qe2 Rae8 20. h5 Bxe4 21. dxe4 Rf7 22. Rf3 Ref8 23. Rh3 Qc6 24. hxg6 hxg6 25. Rh6 Rg7 26. Bd2 Bd6 27. Rf1 Qc7 28. f5 exf5 29. exf5 Qf7 30. fxg6 Qxf1+ 31. Qxf1 Rxf1+ 32. Kxf1 Re7 33. Kf2 Kg7 34. Kf3 a6 35. Bf4 Bxf4 36. Kxf4 Kg8 37. Rh3 Re2 38. Rb3 Re7 39. a3 Kg7 40. Kf5 Rc7 41. a4 Re7 42. a5 Rc7 43. Rh3 Kg8 44. Kf6 Rc6+ 45. Kf5 b6 46. axb6 Rxb6 47. b3 a5 48. Rf3 Rd6 49. Rd3 Kg7 50. Ke5 Rxg6 51. Rg3 Rc6 52. Kd5 Rc8 53. Kd6 Kg6 54. Kd7 Rf8 55. Kc6 Rf5 56. Kb5 Rxg5 57. Rd3 Re5 58. Kxa5 Re3 59. Rd2 Rxb3 60. Ka4 Rb4+ 61. Ka3 Rxc4 62. Kb3 Rc3+ 63. Kb2 Kf5 64. Rh2 Ke4 65. Rh4+ Kd3 66. Rh3+ Kc4 67. Rh5 Rg3 68. Rf5 Kb4 69. Rf8 Rg2+ 70. Kc1 Kc3 71. Kd1 d3 72. Rf1 Ra2 73. Ke1 Ra1+ 0-1

[Event "Hillerod Skjold Burne op"]
[Site "Hillerod"]
[Date "2017.10.21"]
[Round "2"]
[White "Jacobsen, Hans Endrup"]
[Black "Kuhn, Morten"]
[Result "1-0"]
[WhiteElo "1981"]
[BlackElo "1844"]
[PlyCount "85"]
[EventDate "2017.10.03"]
[EventType "swiss"]
[EventRounds "4"]
[EventCountry "DEN"]
[SourceTitle "EXT 2024"]
[Source "ChessBase"]
[SourceDate "2023.10.10"]
[SourceVersion "1"]
[SourceVersionDate "2023.10.10"]
[SourceQuality "1"]

1. d4 d5 2. Nf3 Nf6 3. g3 Bf5 4. Bg2 e6 5. 0-0 Bd6 6. c4 c6 7. Nc3 Nbd7 8. Nd2 h6 9. e4 dxe4 10. Ndxe4 Nxe4 11. Nxe4 Bxe4 12. Bxe4 Nf6 13. Bg2 Qc7 14. Be3 0-0 15. Rc1 Rad8 16. Qa4 a6 17. b4 Qe7 18. Qb3 Rd7 19. Rc2 Bxb4 20. Rb1 Ba5 21. d5 c5 22. Qa4 b6 23. Qc6 Rd6 24. Qa4 Nd7 25. dxe6 Rxe6 26. Bh3 Rxe3 27. fxe3 Qxe3+ 28. Kh1 Ne5 29. Qb3 Qd4 30. Rf1 Nd3 31. Re2 Ne5 32. Bg2 f6 33. Bd5+ Kh8 34. Qc2 Rd8 35. Re4 Qc3 36. Qe2 b5 37. Re3 Qd2 38. Rxe5 fxe5 39. Qxe5 Qd3 40. Rf7 Qg6 41. Qe7 Rg8 42. Rf8 Qb1+ 43. Kg2 1-0

[Event "DEN-ch G5-1 A"]
[Site "Skorping"]
[Date "2017.04.12"]
[Round "5"]
[White "Jacobsen, Hans Endrup"]
[Black "Brandt, Klaus P"]
[Result "1-0"]
[WhiteElo "1944"]
[BlackElo "1830"]
[PlyCount "105"]
[EventDate "2017.04.08"]
[EventType "swiss"]
[EventRounds "5"]
[EventCountry "DEN"]
[SourceTitle "EXT 2020"]
[Source "ChessBase"]
[SourceDate "2019.10.17"]
[SourceVersion "1"]
[SourceVersionDate "2019.10.17"]
[SourceQuality "1"]

1. d4 d5 2. c4 c6 3. Nc3 e6 4. Nf3 Nf6 5. e3 Nbd7 6. Qc2 Be7 7. Bd3 dxc4 8. Bxc4 Nb6 9. Bd3 Nbd5 10. a3 h6 11. 0-0 0-0 12. e4 Nxc3 13. bxc3 c5 14. Bb2 b6 15. Rad1 cxd4 16. cxd4 Bb7 17. Rfe1 Rc8 18. Qb3 Qd7 19. Ne5 Qd8 20. Bb1 Nd7 21. Ng4 Bg5 22. e5 h5 23. Ne3 Bf4 24. g3 Bxe3 25. Rxe3 Qg5 26. h3 Bd5 27. Qd3 g6 28. Qe2 Bc4 29. Qf3 Bd5 30. Be4 Bxe4 31. Qxe4 Qf5 32. Qxf5 gxf5 33. d5 exd5 34. Rxd5 Nc5 35. Rf3 Rfd8 36. Rxd8+ Rxd8 37. Bc3 Rd3 38. Kg2 Kf8 39. Rxd3 Nxd3 40. Kf3 Ke7 41. Ke3 Nc5 42. Kf4 Ke6 43. Bd4 Nd3+ 44. Kg5 Nxe5 45. Kxh5 Ng6 46. Kg5 Ne5 47. Kf4 Ng6+ 48. Ke3 f6 49. Kd3 f4 50. h4 fxg3 51. fxg3 f5 52. h5 Nf8 53. Kc4 1-0

[Event "Hillerod CC-chA"]
[Site "Hillerod"]
[Date "2017.03.21"]
[Round "8"]
[White "Jacobsen, Hans Endrup"]
[Black "Oland, Arne"]
[Result "1/2-1/2"]
[WhiteElo "1940"]
[BlackElo "1897"]
[PlyCount "112"]
[EventDate "2016.11.29"]
[EventType "tourn"]
[EventRounds "9"]
[EventCountry "DEN"]
[SourceTitle "EXT 2018"]
[Source "ChessBase"]
[SourceDate "2017.10.13"]
[SourceVersion "1"]
[SourceVersionDate "2017.10.13"]
[SourceQuality "1"]

1. Nf3 Nf6 2. g3 b6 3. Bg2 Bb7 4. 0-0 e6 5. c4 c5 6. d4 cxd4 7. Nxd4 Bxg2 8. Kxg2 Be7 9. Nc3 Qc8 10. Bf4 Qb7+ 11. Kg1 0-0 12. Ndb5 Na6 13. Bd6 Bxd6 14. Nxd6 Qc6 15. e4 Ne8 16. Ncb5 Nc5 17. Re1 a6 18. Nxe8 Rfxe8 19. Nd6 Rf8 20. Rc1 Nb7 21. e5 f6 22. c5 bxc5 23. b4 fxe5 24. bxc5 Nxd6 25. cxd6 Qb6 26. Rc2 Rf5 27. Qd3 Raf8 28. Ree2 e4 29. Qxe4 Qxd6 30. Red2 Rd5 31. Rxd5 exd5 32. Rd2 Rc8 33. Qxd5+ Qxd5 34. Rxd5 Rc2 35. Ra5 Rc6 36. Kg2 Kf7 37. Kf3 Ke6 38. Ke4 d5+ 39. Rxd5 Rc2 40. Ra5 Rc6 41. h4 g6 42. Ra4 Rd6 43. g4 Rb6 44. f4 Rc6 45. f5+ gxf5+ 46. gxf5+ Kf6 47. Kf4 Rd6 48. h5 h6 49. Rb4 Rc6 50. a4 a5 51. Re4 Rb6 52. Rd4 Rc6 53. Re4 Rd6 54. Re6+ Rxe6 55. fxe6 Kxe6 56. Ke4 Kf6 1/2-1/2

[Event "Hillerod CC-chA"]
[Site "Hillerod"]
[Date "2017.01.10"]
[Round "4"]
[White "Jacobsen, Hans Endrup"]
[Black "Andersen, Ib Hother"]
[Result "1/2-1/2"]
[WhiteElo "1940"]
[BlackElo "2137"]
[PlyCount "49"]
[EventDate "2016.11.29"]
[EventType "tourn"]
[EventRounds "9"]
[EventCountry "DEN"]
[SourceTitle "EXT 2018"]
[Source "ChessBase"]
[SourceDate "2017.10.13"]
[SourceVersion "1"]
[SourceVersionDate "2017.10.13"]
[SourceQuality "1"]

1. d4 Nf6 2. c4 e6 3. Nf3 b6 4. e3 Bb7 5. Bd3 c5 6. 0-0 Be7 7. Nc3 d5 8. cxd5 exd5 9. b3 Nc6 10. Bb2 cxd4 11. exd4 0-0 12. Rc1 Re8 13. Re1 Bd6 14. g3 Rxe1+ 15. Qxe1 Qd7 16. Ne5 Qe7 17. Nxc6 Qxe1+ 18. Rxe1 Bxc6 19. Bf5 g6 20. Bh3 Ne4 21. Rc1 Nxc3 22. Rxc3 Bb7 23. Re3 f5 24. Bf1 Kf7 25. f4 1/2-1/2

[Event "Hillerod CC-chA"]
[Site "Hillerod"]
[Date "2016.12.06"]
[Round "2"]
[White "Jacobsen, Hans Endrup"]
[Black "Pedersen, Carsten1111"]
[Result "1-0"]
[WhiteElo "1940"]
[BlackElo "1947"]
[PlyCount "91"]
[EventDate "2016.11.29"]
[EventType "tourn"]
[EventRounds "9"]
[EventCountry "DEN"]
[SourceTitle "EXT 2018"]
[Source "ChessBase"]
[SourceDate "2017.10.13"]
[SourceVersion "1"]
[SourceVersionDate "2017.10.13"]
[SourceQuality "1"]

1. Nf3 d5 2. d4 Nf6 3. g3 g6 4. Bg2 Bg7 5. 0-0 0-0 6. c4 c6 7. Nc3 Re8 8. b3 Qb6 9. Ne5 Ng4 10. cxd5 Nxe5 11. dxe5 Bxe5 12. Na4 Qb5 13. Bb2 Bxb2 14. Nxb2 cxd5 15. Bxd5 Bg4 16. Re1 Nd7 17. Qd3 Qxd3 18. Nxd3 Rab8 19. Rac1 Nf6 20. Bg2 Red8 21. Ne5 Be6 22. Nd3 Bd5 23. Bh3 e6 24. Nb4 b6 25. Nxd5 Rxd5 26. Bf1 Rd2 27. a4 Rbd8 28. e4 Ng4 29. Be2 Ne5 30. Red1 R8d4 31. Kf1 Rxd1+ 32. Rxd1 Rxe4 33. f4 Rb4 34. fxe5 Rxb3 35. Kf2 Ra3 36. Rd4 Kf8 37. h4 Ke7 38. Bb5 Kf8 39. Rd8+ Kg7 40. Ra8 Ra2+ 41. Kf3 Ra3+ 42. Kf4 h6 43. Rxa7 g5+ 44. hxg5 hxg5+ 45. Kxg5 Rxg3+ 46. Kf4 1-0

[Event "Hillerod Spar Nord op"]
[Site "Hillerod"]
[Date "2016.10.25"]
[Round "7"]
[White "Petersen, Albert Emil Lyng"]
[Black "Jacobsen, Hans Endrup"]
[Result "0-1"]
[WhiteElo "1824"]
[BlackElo "1965"]
[PlyCount "42"]
[EventDate "2016.09.13"]
[EventType "swiss"]
[EventRounds "7"]
[EventCountry "DEN"]
[SourceTitle "EXT 2024"]
[Source "ChessBase"]
[SourceDate "2023.10.10"]
[SourceVersion "1"]
[SourceVersionDate "2023.10.10"]
[SourceQuality "1"]

1. e4 c5 2. Nf3 d6 3. Nc3 Nf6 4. Bc4 Nc6 5. d3 a6 6. a3 e6 7. 0-0 Be7 8. Bd2 0-0 9. h3 Qc7 10. Nh2 b5 11. Ba2 Nd4 12. f4 Bb7 13. Ne2 Rac8 14. g4 g6 15. g5 Nh5 16. f5 exf5 17. exf5 Qc6 18. Kf2 Qg2+ 19. Ke1 Qxh2 20. Nf4 Bxg5 21. fxg6 Bh4+ 0-1

[Event "Hillerod CC-ch A"]
[Site "Hillerod"]
[Date "2016.02.24"]
[Round "5"]
[White "Oland, Arne"]
[Black "Jacobsen, Hans Endrup"]
[Result "1/2-1/2"]
[WhiteElo "1952"]
[BlackElo "1925"]
[PlyCount "98"]
[EventDate "2016.01.05"]
[EventType "tourn"]
[EventRounds "9"]
[EventCountry "DEN"]
[SourceTitle "EXT 2024"]
[Source "ChessBase"]
[SourceDate "2023.10.10"]
[SourceVersion "1"]
[SourceVersionDate "2023.10.10"]
[SourceQuality "1"]

1. d4 Nf6 2. c4 e6 3. Nf3 Bb4+ 4. Bd2 c5 5. e3 0-0 6. Bxb4 cxb4 7. Bd3 b6 8. 0-0 Bb7 9. Nbd2 d6 10. a3 bxa3 11. Rxa3 a5 12. Qe2 Na6 13. e4 e5 14. dxe5 dxe5 15. Nxe5 Re8 16. Ng4 Nxg4 17. Qxg4 Nc5 18. Qg3 Qd4 19. Rc3 Rad8 20. Nf3 Qd7 21. Bc2 Nxe4 22. Bxe4 Rxe4 23. h3 h6 24. Rfc1 Rc8 25. b3 Rc5 26. Re1 Rxe1+ 27. Nxe1 Rg5 28. Rd3 Qe6 29. Qb8+ Kh7 30. Re3 Qd7 31. Qe8 Bc6 32. Qxd7 Bxd7 33. Nd3 Bc6 34. g3 Rf5 35. Ne5 Be8 36. h4 Rf6 37. Ng4 Re6 38. Rxe6 fxe6 39. Ne5 Kg8 40. f4 Kf8 41. Kf2 Ke7 42. Ke3 Kd6 43. Kd4 Bh5 44. g4 Be8 45. g5 Bh5 46. gxh6 gxh6 47. Kc3 Be8 48. Ng4 h5 49. Ne5 b5 1/2-1/2

[Event "Hillerod CC-ch A"]
[Site "Hillerod"]
[Date "2016.02.14"]
[Round "4"]
[White "Jacobsen, Hans Endrup"]
[Black "Nielsen, Niels Peter"]
[Result "1-0"]
[WhiteElo "1925"]
[BlackElo "2104"]
[PlyCount "57"]
[EventDate "2016.01.05"]
[EventType "tourn"]
[EventRounds "9"]
[EventCountry "DEN"]
[SourceTitle "EXT 2024"]
[Source "ChessBase"]
[SourceDate "2023.10.10"]
[SourceVersion "1"]
[SourceVersionDate "2023.10.10"]
[SourceQuality "1"]

1. Nf3 d5 2. g3 c6 3. Bg2 Bf5 4. 0-0 Be4 5. d3 Bxf3 6. exf3 e6 7. f4 Ne7 8. b3 Nd7 9. Bb2 Qc7 10. Re1 h5 11. Nd2 h4 12. Nf3 hxg3 13. hxg3 Nf5 14. c4 dxc4 15. bxc4 Be7 16. d4 Bf6 17. Ne5 Bxe5 18. fxe5 Nb6 19. Qb3 Rd8 20. Rad1 Ne7 21. Ba3 Rd7 22. Be4 Nbc8 23. Kg2 b6 24. Qf3 g6 25. Qf6 Rg8 26. Rh1 c5 27. d5 exd5 28. cxd5 Qd8 29. e6 1-0

[Event "Hillerod CC-ch A"]
[Site "Hillerod"]
[Date "2016.01.15"]
[Round "2"]
[White "Kuhn, Morten"]
[Black "Jacobsen, Hans Endrup"]
[Result "0-1"]
[WhiteElo "1856"]
[BlackElo "1925"]
[PlyCount "82"]
[EventDate "2016.01.05"]
[EventType "tourn"]
[EventRounds "9"]
[EventCountry "DEN"]
[SourceTitle "EXT 2024"]
[Source "ChessBase"]
[SourceDate "2023.10.10"]
[SourceVersion "1"]
[SourceVersionDate "2023.10.10"]
[SourceQuality "1"]

1. e4 c5 2. Nf3 d6 3. d4 cxd4 4. Nxd4 Nf6 5. Nc3 a6 6. Bd3 e6 7. 0-0 Be7 8. Be3 b5 9. a4 b4 10. Na2 Bb7 11. f3 d5 12. e5 Nfd7 13. f4 Nc6 14. c3 bxc3 15. bxc3 Nc5 16. Nxc6 Bxc6 17. Nb4 Bb7 18. Bc2 a5 19. Nd3 Ne4 20. Bd4 Qc7 21. f5 exf5 22. Rxf5 Ra6 23. Qg4 Rg6 24. Qf3 0-0 25. Rh5 Bc8 26. h3 Rg3 27. Qf4 g6 28. Nf2 gxh5 29. Nxe4 Rg6 30. Ng3 f5 31. Nxh5 Bg5 32. Qf3 Be6 33. Nf6+ Bxf6 34. exf6 Rg3 35. Qe2 Qf7 36. Re1 Re8 37. Qf2 Rg6 38. Bxf5 Bxf5 39. Rxe8+ Qxe8 40. Qxf5 Qe1+ 41. Kh2 Qg3+ 0-1

[Event "Hillerod op"]
[Site "Hillerod"]
[Date "2015.10.02"]
[Round "5"]
[White "Bagge, Kenny"]
[Black "Jacobsen, Hans Endrup"]
[Result "1/2-1/2"]
[WhiteElo "1536"]
[BlackElo "1940"]
[PlyCount "45"]
[EventDate "2015.09.08"]
[EventType "swiss"]
[EventRounds "7"]
[EventCountry "DEN"]
[SourceTitle "EXT 2024"]
[Source "ChessBase"]
[SourceDate "2023.10.10"]
[SourceVersion "1"]
[SourceVersionDate "2023.10.10"]
[SourceQuality "1"]

1. e4 c5 2. Nf3 d6 3. d4 cxd4 4. Nxd4 Nf6 5. Nc3 a6 6. Be3 e6 7. h3 Qc7 8. Qd2 Bd7 9. Be2 Be7 10. g4 e5 11. Nb3 Bc6 12. Nd5 Nxd5 13. exd5 Bd7 14. 0-0-0 a5 15. Qe1 a4 16. Nd2 f5 17. f4 Na6 18. Nc4 b5 19. Nb6 Rb8 20. Nxd7 Qxd7 21. fxe5 dxe5 22. gxf5 0-0 23. Bg4 1/2-1/2